000 01716nam a22002537a 4500
003 Uzh_bibl
008 260417b |||||||| |||| 00| 0 ukr d
020 _a5-333-00196-0
_c0.95
040 _aукр.
041 _2ukr
_aukr
080 _a821(477)
090 _a821(477)
_bП 12
100 _aПавлюк, Ярослав
245 _aФільмар
_hТекст
260 _aКиїв
_bРадянський письменник
_c1989
300 _a333 с.
_fВ опр.
520 _aВизначальна тема творів молодого львівського прозаїка — людська пам'ять, духовна біографія молодої людини, яка в муках, розчаруваннях шукає своє місце в житті. Фантастична повість «Фільмар» переносить нас у далеке майбутнє, коли змінились умови життя людей, невпізнанною стала земля, але незмінними залишились моральні цінності — правда, доброта, любов.
521 _aДля широкого кола читачів
546 _aукр.
650 _aЛітературно-художнє видання
_yХХ століття переважно сучасний автору період (радянська доба)
_zУкраїна (часто сільська місцевість або невеликі містечка)
653 _aЛюдина
_aЖиття
_aВибір
_aДоля
_aПравда
655 _aЕпос (проза) Новели. Повісті
_vНовели, повісті
942 _2udc
_cBK
999 _c17380
_d17380